[Event "FIN-chT 0910"]
[Site "Finland"]
[Date "2009.11.15"]
[Round "5.5"]
[White "Sorsa, Nuutti"]
[Black "Binham, Timothy F"]
[Result "0-1"]
[WhiteElo "2223"]
[BlackElo "2310"]
[PlyCount "118"]
[EventDate "2009.09.19"]
[EventType "team-tourn"]
[EventRounds "9"]
[EventCountry "FIN"]
[SourceTitle "EXT 2022"]
[Source "ChessBase"]
[SourceDate "2021.10.06"]
[SourceVersion "1"]
[SourceVersionDate "2021.10.06"]
[SourceQuality "1"]
[WhiteTeam "Turku TS"]
[BlackTeam "Helsinki HSK"]
[WhiteTeamCountry "FIN"]
[BlackTeamCountry "FIN"]

1. e4 e6 2. d4 d5 3. Nc3 Nf6 4. e5 Nfd7 5. f4 c5 6. Nf3 Nc6 7. Be3 a6 8. Qd2 b5 9. Qf2 Qa5 10. Bd3 b4 11. Nd1 c4 12. Be2 b3+ 13. c3 Qxa2 14. Rc1 Nb6 15. Ng5 h6 16. Nh3 a5 17. f5 exf5 18. Nf4 g5 19. Nxd5 Nxd5 20. Bxc4 Be6 21. Bb5 Rc8 22. 0-0 f4 23. Bd2 Be7 24. c4 Ndb4 25. Bxb4 axb4 26. d5 0-0 27. Bxc6 Bd7 28. Qb6 Bxc6 29. dxc6 Rb8 30. Qd4 Qa5 31. Kh1 Rbc8 32. Qd5 Qb6 33. Nf2 Rfd8 34. Qf3 Qxc6 35. Qxb3 Rd2 36. Qh3 Rxb2 37. Ng4 h5 38. Nh6+ Kf8 39. Rg1 h4 40. Qf5 Qe6 41. Qh7 Ke8 42. Ng8 h3 43. Nf6+ Bxf6 44. exf6 hxg2+ 45. Rxg2 Rxg2 46. Rd1 Rxh2+ 47. Qxh2 Qe4+ 48. Kg1 Qe3+ 49. Kf1 Qf3+ 50. Ke1 Qg3+ 51. Qxg3 fxg3 52. Rd4 b3 53. Re4+ Kd7 54. Kd1 b2 55. Kc2 g2 56. Re1 Rxc4+ 57. Kxb2 Rf4 58. Rg1 Rf2+ 59. Kc3 Ke6 0-1

[Event "FIN-chT 0910"]
[Site "Finland"]
[Date "2009.10.17"]
[Round "3.4"]
[White "Vaatainen, Timo"]
[Black "Binham, Timothy F"]
[Result "0-1"]
[WhiteElo "2243"]
[BlackElo "2310"]
[PlyCount "45"]
[EventDate "2009.09.19"]
[EventType "team-tourn"]
[EventRounds "9"]
[EventCountry "FIN"]
[SourceTitle "EXT 2022"]
[Source "ChessBase"]
[SourceDate "2021.10.06"]
[SourceVersion "1"]
[SourceVersionDate "2021.10.06"]
[SourceQuality "1"]
[WhiteTeam "Helsinki Aatos"]
[BlackTeam "Helsinki HSK"]
[WhiteTeamCountry "FIN"]
[BlackTeamCountry "FIN"]

1. d4 Nf6 2. c3 g6 3. Bg5 Bg7 4. Nd2 0-0 5. e4 c5 6. dxc5 Qc7 7. Be3 Na6 8. b4 d5 9. cxd6 Qxc3 10. dxe7 Re8 11. b5 Ng4 12. Rc1 Nxe3 13. fxe3 Qxe3+ 14. Qe2 Qa3 15. Rb1 Nc5 16. Qf3 Qa5 17. Qe3 b6 18. Bc4 Bb7 19. Ngf3 Bxe4 20. 0-0 Bxb1 21. Bxf7+ Kxf7 22. Ng5+ Kg8 23. Nxb1 0-1